<?xml version="1.0" encoding="UTF-8"?>
<collection xmlns="http://www.loc.gov/MARC21/slim">
 <record>
  <leader>00893nam a22001937a 4500</leader>
  <controlfield tag="001">1/24244</controlfield>
  <controlfield tag="008">050113s1997    enk           00010 eng d</controlfield>
  <datafield tag="020" ind1=" " ind2=" ">
   <subfield code="a">9284402263</subfield>
  </datafield>
  <datafield tag="035" ind1=" " ind2=" ">
   <subfield code="l">25988</subfield>
  </datafield>
  <datafield tag="040" ind1=" " ind2=" ">
   <subfield code="a">DLC</subfield>
   <subfield code="c">GR-PeUP</subfield>
  </datafield>
  <datafield tag="082" ind1="0" ind2="0">
   <subfield code="a">338.4'791 TOU</subfield>
  </datafield>
  <datafield tag="245" ind1="0" ind2="0">
   <subfield code="a">Tourism 2000, building a sustainable future for Asia - Pacific :</subfield>
   <subfield code="b">final report, Asia Pacific Ministers' Conference on Tourism and Environment and the High Level Technical Seminar on Sustainable Tourism Development, 16 - 17 February 1997, Bandos Island Resort, Maldives</subfield>
  </datafield>
  <datafield tag="260" ind1="0" ind2=" ">
   <subfield code="a">Madrid, Spain :</subfield>
   <subfield code="b">World Tourism Organization,</subfield>
   <subfield code="c">1997</subfield>
  </datafield>
  <datafield tag="300" ind1=" " ind2=" ">
   <subfield code="a">198 σ. ;</subfield>
   <subfield code="c">29 εκ.</subfield>
  </datafield>
  <datafield tag="650" ind1=" " ind2="4">
   <subfield code="a">Tourism</subfield>
   <subfield code="z">Asia</subfield>
   <subfield code="x">Congresses.</subfield>
  </datafield>
  <datafield tag="650" ind1=" " ind2="4">
   <subfield code="a">Tourism</subfield>
   <subfield code="x">Government policy</subfield>
   <subfield code="z">Asia</subfield>
   <subfield code="x">Congresses.</subfield>
  </datafield>
  <datafield tag="710" ind1="2" ind2=" ">
   <subfield code="a">World Tourism Organization.</subfield>
  </datafield>
  <datafield tag="852" ind1=" " ind2=" ">
   <subfield code="a">INST</subfield>
   <subfield code="b">UNIPILB</subfield>
   <subfield code="c">MAIN</subfield>
   <subfield code="e">20050113</subfield>
   <subfield code="h">338.4'791 TOU</subfield>
   <subfield code="p">00144681</subfield>
   <subfield code="q">00144681</subfield>
   <subfield code="t">LOAN</subfield>
   <subfield code="y">0</subfield>
   <subfield code="4">1</subfield>
  </datafield>
  <datafield tag="856" ind1="4" ind2=" ">
   <subfield code="d">/webopac/covers/02/25988_9284402263.jpg</subfield>
  </datafield>
 </record>
</collection>
